000
00298nam a2200109Ia 4500
008
230627s9999 xx 000 0 und d
041
_a
mar
082
_a
342
_b
CHI
100
_a
Chitnis V
245
_a
Indian Constitutional Law New Challenges
260
_a
Pune
_b
Futuristic Digital Publications
_c
2006
999
_c
694654
_d
694654